Neživá príroda: geografická encyklopédia /

Salvato in:
Dettagli Bibliografici
Autore principale: Čeman, Róbert (Autore)
Natura: Libro
Lingua:slovacco
Pubblicazione: Bratislava: MAPA Slovakia, 2001
Edizione:2.vyd.
Serie:Rekordy
Tags: Aggiungi Tag
Nessun Tag, puoi essere il primo ad aggiungerne!!

MARC

LEADER 00000nam a22000003a 4500
001 0025836
003 SK-STU
005 20170906090343.6
007 ta
008 170906s ----xo-----e------000-0-----d
020 |a 80-8067-067-6 
040 |a STU  |b slo 
041 0 |a slo  |h slo 
044 |a xo 
100 1 |a Čeman, Róbert  |4 aut 
245 1 0 |a Neživá príroda:  |b geografická encyklopédia /  |c aut. Róbert Čeman 
250 |a 2.vyd. 
260 |a Bratislava:  |b MAPA Slovakia,  |c 2001 
300 |a 192 s. 
490 0 |a Rekordy 
996 |b 284V040760  |c V* 52695/O-23852  |l VVT  |s A  |a 24  |w 0025836_0001